Production/operations management: (Record no. 20937)
[ view plain ]
| 000 -LEADER | |
|---|---|
| fixed length control field | 00605nam a2200205 a 4500 |
| 005 - DATE AND TIME OF LATEST TRANSACTION | |
| control field | 20140310183300.0 |
| 008 - FIXED-LENGTH DATA ELEMENTS--GENERAL INFORMATION | |
| fixed length control field | 041125s19uu xx 00 eng d |
| 050 ## - LIBRARY OF CONGRESS CALL NUMBER | |
| Classification number | TS 155 |
| Item number | .Ev82 1997 |
| 100 ## - MAIN ENTRY--PERSONAL NAME | |
| Personal name | Evans, James R. |
| 245 ## - TITLE STATEMENT | |
| Title | Production/operations management: |
| Remainder of title | quality, performance, and value. / |
| Statement of responsibility, etc | James R. Evans. |
| 250 ## - EDITION STATEMENT | |
| Edition statement | 5th edi. |
| 260 ## - PUBLICATION, DISTRIBUTION, ETC. (IMPRINT) | |
| Place of publication, distribution, etc | Minneapolis/St. Paul : |
| Name of publisher, distributor, etc | West Pub., |
| Date of publication, distribution, etc | C1997. |
| 300 ## - PHYSICAL DESCRIPTION | |
| Extent | 789 p. : |
| Other physical details | ill. ; |
| Dimensions | 26 cm. |
| 521 ## - TARGET AUDIENCE NOTE | |
| Target audience note | |
| 546 ## - LANGUAGE NOTE | |
| Language note | C5724 |
| 546 ## - LANGUAGE NOTE | |
| Language note | C1148 |
| 650 ## - SUBJECT ADDED ENTRY--TOPICAL TERM | |
| Topical term or geographic name as entry element | Production management. |
| 650 ## - SUBJECT ADDED ENTRY--TOPICAL TERM | |
| Topical term or geographic name as entry element | Factory management. |
| 942 ## - ADDED ENTRY ELEMENTS (KOHA) | |
| Koha item type | Books |
| Source of classification or shelving scheme | Library of Congress Classification |
| Call number prefix | Foreign |
| Withdrawn status | Lost status | Source of classification or shelving scheme | Damaged status | Home library | Current library | Shelving location | Date acquired | Total Checkouts | Full call number | Barcode | Date last seen | Copy number | Price effective from | Koha item type |
|---|---|---|---|---|---|---|---|---|---|---|---|---|---|---|
| Library of Congress Classification | College Library | College Library | General Circulation Section | 12/09/2013 | TS 155 .Ev82 1997 | C1148 | 05/15/2018 | 1 | 12/09/2013 | Books | ||||
| Library of Congress Classification | College Library | College Library | General Circulation Section | 12/09/2013 | TS 155 .Ev82 1997 | C5724 | 05/15/2018 | 2 | 12/09/2013 | Books |